| Tag |
First Indicator |
Second Indicator |
Subfields |
| LEADER |
00000cam a2200000 a 4500 |
| 001 |
in00001402044 |
| 005 |
20151020053020.0 |
| 008 |
910514s1992 njua b 001 0 eng |
| 010 |
|
|
|a 91020559
|
| 020 |
|
|
|a 013842568X
|
| 035 |
|
|
|a (OCoLC)23901783
|
| 035 |
|
|
|9 AHM6729AM
|
| 040 |
|
|
|a DLC
|c DLC
|d TXA
|d UtOrBLW
|
| 043 |
|
|
|a n-us---
|
| 049 |
|
|
|a TXAM
|
| 050 |
0 |
0 |
|a JK2408
|b .L67 1992
|
| 082 |
0 |
0 |
|a 320.473
|2 20
|
| 100 |
1 |
|
|a Lorch, Robert Stuart,
|d 1925-
|
| 245 |
1 |
0 |
|a State and local politics :
|b the great entanglement /
|c Robert S. Lorch.
|
| 246 |
1 |
8 |
|a State & local politics
|
| 250 |
|
|
|a 4th ed.
|
| 264 |
|
1 |
|a Englewood Cliffs, N.J. :
|b Prentice Hall,
|c [1992]
|
| 264 |
|
4 |
|c ©1992
|
| 300 |
|
|
|a xii, 415 pages :
|b illustrations ;
|c 25 cm.
|
| 336 |
|
|
|a text
|b txt
|2 rdacontent
|
| 337 |
|
|
|a unmediated
|b n
|2 rdamedia
|
| 338 |
|
|
|a volume
|b nc
|2 rdacarrier
|
| 504 |
|
|
|a Includes bibliographical references and index.
|
| 536 |
|
|
|a Dr. Paul P. Van Riper collection, Department of Political Science.
|
| 650 |
|
0 |
|a State governments
|z United States.
|
| 650 |
|
0 |
|a Local government
|z United States.
|
| 999 |
|
|
|a MARS
|
| 999 |
f |
f |
|s 68edc97e-8ee4-33ab-8cab-8fba8f8b0bf0
|i 120e34eb-56ef-3481-9da0-9f068ff2e505
|t 0
|
| 952 |
f |
f |
|p normal
|a Texas A&M University
|b College Station
|c Sterling C. Evans Library
|d Evans: Library Stacks
|t 0
|e JK2408 .L67 1992
|h Library of Congress classification
|i unmediated -- volume
|m A14821632665
|
| 998 |
f |
f |
|a JK2408 .L67 1992
|t 0
|l Evans: Library Stacks
|